[Event "4NCL/Div3/BRI2 vs. SBS"]
[Site "Hinckley Island ENG"]
[Date "2010.02.21"]
[Round "6.6"]
[White "Harley-Yeo, Gareth"]
[Black "Thompson, Robert"]
[Result "1-0"]
[WhiteElo "2053"]
[BlackElo "1863"]
[PlyCount "59"]
[EventDate "2010.02.21"]
[SourceDate "2009.10.24"]

1. d4 Nf6 2. c4 g6 3. Nc3 Bg7 4. e4 d6 5. Nge2 O-O 6. Ng3 c5 7. d5 e6 8. Be2
exd5 9. exd5 Re8 10. O-O a6 11. a4 Nbd7 12. h3 Nf8 13. Bf4 h6 14. Qd2 g5 15.
Be3 Qe7 16. Bd3 Ng6 17. Rae1 Ne5 18. b3 Qc7 19. Bc2 Ng6 20. f4 gxf4 21. Bxf4
Rxe1 22. Rxe1 Nxf4 23. Qxf4 Qa5 24. Re3 Nd7 25. Re8+ Nf8 26. Nce4 Qe1+ 27. Kh2
Be5 28. Nf6+ Kg7 29. Nfh5+ Kg8 30. Bh7+ 1-0

[Event "4NCL/Div3/FPONTY vs. E2E42"]
[Site "Hinckley Island ENG"]
[Date "2010.02.21"]
[Round "6.1"]
[White "Gilbert, Jonathan A"]
[Black "Jones, Christopher M"]
[Result "0-1"]
[WhiteElo "2058"]
[BlackElo "1964"]
[PlyCount "54"]
[EventDate "2010.02.21"]
[SourceDate "2009.10.24"]

1. d4 d5 2. Nf3 Nc6 3. c4 e5 4. cxd5 Qxd5 5. Nc3 Bb4 6. dxe5 Qxd1+ 7. Kxd1 Bg4
8. Bf4 Nge7 9. e3 O-O-O+ 10. Kc1 Bxc3 11. bxc3 Nd5 12. Bb5 Nxc3 13. Bxc6 bxc6
14. Nd4 Rxd4 15. exd4 Ne2+ 16. Kd2 Nxf4 17. f3 Be6 18. g3 Nd5 19. Rhc1 Rd8 20.
a3 Ne7 21. Kc3 Rd5 22. f4 h5 23. Rd1 Rb5 24. Rdb1 Rd5 25. Rd1 Nf5 26. Rac1 Ra5
27. Ra1 Ra4 0-1

[Event "4NCL/Div3/FPONTY vs. E2E42"]
[Site "Hinckley Island ENG"]
[Date "2010.02.21"]
[Round "6.2"]
[White "Ireland, David J"]
[Black "Adams, Mark A"]
[Result "1/2-1/2"]
[WhiteElo "2010"]
[BlackElo "2026"]
[PlyCount "28"]
[EventDate "2010.02.21"]
[SourceDate "2009.10.24"]

1. e4 c5 2. Nc3 a6 3. f4 b5 4. Nf3 Bb7 5. d3 e6 6. Qe2 d6 7. g3 b4 8. Nd1 Be7
9. Bg2 Nc6 10. b3 Nd4 11. Qf2 Nxf3+ 12. Bxf3 d5 13. Ne3 Nf6 14. exd5 Nxd5
1/2-1/2

[Event "4NCL/Div3/FPONTY vs. E2E42"]
[Site "Hinckley Island ENG"]
[Date "2010.02.21"]
[Round "6.3"]
[White "Davis, Lee"]
[Black "Jaszkiwskyj, Peter"]
[Result "1/2-1/2"]
[WhiteElo "1961"]
[BlackElo "1973"]
[PlyCount "59"]
[EventDate "2010.02.21"]
[SourceDate "2009.10.24"]

1. d4 d5 2. g3 Nf6 3. Bg2 c6 4. Nf3 Bf5 5. O-O e6 6. c4 Bd6 7. b3 Nbd7 8. Bb2
h6 9. Nc3 O-O 10. Nd2 Bb4 11. a3 Bxc3 12. Bxc3 Re8 13. Nf3 Qb6 14. Ne5 Nxe5 15.
dxe5 Ne4 16. Bxe4 Bxe4 17. cxd5 Bxd5 18. Rb1 Be4 19. Rb2 Red8 20. Qc1 Rd5 21.
Rd1 Rad8 22. Rxd5 Rxd5 23. b4 Qa6 24. f3 Bg6 25. e4 Rd3 26. Rf2 Qc4 27. Bb2
Qxc1+ 28. Bxc1 Kf8 29. Kg2 Ke7 30. Rd2 1/2-1/2

[Event "4NCL/Div3/FPONTY vs. E2E42"]
[Site "Hinckley Island ENG"]
[Date "2010.02.21"]
[Round "6.4"]
[White "Norinkeviciute, Rasa"]
[Black "Davies, Peter L"]
[Result "1/2-1/2"]
[WhiteElo "2027"]
[BlackElo "1994"]
[PlyCount "53"]
[EventDate "2010.02.21"]
[SourceDate "2009.10.24"]

1. c4 Nf6 2. g3 g6 3. Bg2 Bg7 4. Nc3 e5 5. d3 O-O 6. e4 d6 7. Nge2 c6 8. O-O
Ne8 9. f4 f5 10. exf5 Bxf5 11. h3 Nd7 12. g4 Be6 13. Ne4 exf4 14. Nxf4 Bd4+ 15.
Kh1 Ng7 16. Nxd6 Ne5 17. Nxe6 Rxf1+ 18. Bxf1 Nxe6 19. Ne4 Qh4 20. Qe2 Rf8 21.
Bg2 Nxg4 22. Bd2 Ne5 23. Rf1 Nf4 24. Bxf4 Rxf4 25. b3 Kg7 26. Rxf4 Qxf4 27. Qf1
1/2-1/2

[Event "4NCL/Div3/FPONTY vs. E2E42"]
[Site "Hinckley Island ENG"]
[Date "2010.02.21"]
[Round "6.5"]
[White "Dixon, Chris"]
[Black "Wilke, Chris"]
[Result "1/2-1/2"]
[WhiteElo "1953"]
[BlackElo "1933"]
[PlyCount "73"]
[EventDate "2010.02.21"]
[SourceDate "2009.10.24"]

1. Nf3 c6 2. g3 d5 3. Bg2 Nf6 4. d3 g6 5. O-O Bg7 6. Nbd2 O-O 7. e4 dxe4 8.
dxe4 Nbd7 9. Qe2 e5 10. b3 Re8 11. Bb2 Qc7 12. h3 b6 13. Rfd1 Bb7 14. Nh4 Nc5
15. Qe3 Ba6 16. a4 Ne6 17. Nhf3 Nd7 18. Nf1 f6 19. Ba3 Ndc5 20. N1h2 Rad8 21.
Ng4 Rxd1+ 22. Rxd1 Rd8 23. Rxd8+ Qxd8 24. Nd2 Qd4 25. Bxc5 Qxc5 26. Qxc5 Nxc5
27. Ne3 Ne6 28. Bf1 Bxf1 29. Kxf1 Kf7 30. c3 Bf8 31. Ke2 Ba3 32. Nec4 Bc1 33.
Kd1 Bxd2 34. Nxd2 Ke7 35. Ke2 b5 36. axb5 cxb5 37. b4 1/2-1/2

[Event "4NCL/Div3/FPONTY vs. E2E42"]
[Site "Hinckley Island ENG"]
[Date "2010.02.21"]
[Round "6.6"]
[White "Gibson, Christopher A"]
[Black "Davis, Ashley J"]
[Result "1/2-1/2"]
[WhiteElo "1964"]
[BlackElo "1754"]
[PlyCount "51"]
[EventDate "2010.02.21"]
[SourceDate "2009.10.24"]

1. d4 c5 2. d5 Nf6 3. c4 b5 4. cxb5 a6 5. bxa6 Bxa6 6. Nc3 d6 7. e4 Bxf1 8.
Kxf1 g6 9. g3 Bg7 10. Kg2 O-O 11. Nf3 Nbd7 12. h3 Qc7 13. Re1 Rfb8 14. Qc2 Nb6
15. Rb1 Nfd7 16. b3 Qa7 17. Bb2 c4 18. b4 Na4 19. Nxa4 Qxa4 20. Qxa4 Rxa4 21.
Bxg7 Kxg7 22. Rec1 Rbxb4 23. Rxb4 Rxb4 24. a3 Ra4 25. Rc3 Nb6 26. Nd4 1/2-1/2

[Event "4NCL/Div3/FCA2 vs. AMCAR"]
[Site "Hinckley Island ENG"]
[Date "2010.02.21"]
[Round "6.1"]
[White "Elwin, Adrian G"]
[Black "McLaughlin, Noel S"]
[Result "1/2-1/2"]
[WhiteElo "2013"]
[BlackElo "2022"]
[PlyCount "24"]
[EventDate "2010.02.21"]
[SourceDate "2009.10.24"]

1. d4 f5 2. Bf4 Nf6 3. e3 e6 4. Bd3 Be7 5. h3 d5 6. Nf3 c6 7. c3 Nbd7 8. Nbd2
Ne4 9. Ne5 Nxe5 10. Bxe5 Bf6 11. Nf3 Nd6 12. Qe2 Nf7 1/2-1/2

[Event "4NCL/Div3/FCA2 vs. AMCAR"]
[Site "Hinckley Island ENG"]
[Date "2010.02.21"]
[Round "6.2"]
[White "Stayt, James N"]
[Black "Valentine, Brian J"]
[Result "1/2-1/2"]
[WhiteElo "1996"]
[BlackElo "1962"]
[PlyCount "39"]
[EventDate "2010.02.21"]
[SourceDate "2009.10.24"]

1. e4 e5 2. Nf3 Nc6 3. Bb5 a6 4. Ba4 Nf6 5. d4 exd4 6. O-O Be7 7. e5 Ne4 8.
Nxd4 O-O 9. Nf5 Nc5 10. Qg4 g6 11. Bxc6 dxc6 12. Nxe7+ Qxe7 13. Qe2 Re8 14. Re1
Bf5 15. Nc3 Rad8 16. f4 Ne6 17. Ne4 Bxe4 18. Qxe4 Qc5+ 19. Be3 Qd5 20. Qxd5
1/2-1/2

[Event "4NCL/Div3/FCA2 vs. AMCAR"]
[Site "Hinckley Island ENG"]
[Date "2010.02.21"]
[Round "6.3"]
[White "Matthews, Adrian MS"]
[Black "Tunstall, George S"]
[Result "0-1"]
[WhiteElo "1936"]
[BlackElo "1947"]
[PlyCount "85"]
[EventDate "2010.02.21"]
[SourceDate "2009.10.24"]

1. e4 c5 2. c3 Nf6 3. e5 Nd5 4. Bc4 Nb6 5. Bb3 c4 6. Bc2 d6 7. exd6 Qxd6 8. d4
cxd3 9. Qxd3 Qxd3 10. Bxd3 Nc6 11. Na3 Bg4 12. f3 Bd7 13. Ne2 O-O-O 14. O-O e5
15. Nc2 f5 16. Bg5 Re8 17. Be3 Nd5 18. Bf2 Nf6 19. f4 e4 20. Bc4 Ng4 21. Ne3
Nxf2 22. Kxf2 Bc5 23. b4 Bb6 24. a4 g6 25. a5 Bxe3+ 26. Kxe3 Be6 27. Bb5 Rd8
28. Rad1 Bb3 29. Rxd8+ Rxd8 30. Bxc6 Rd3+ 31. Kf2 bxc6 32. Rb1 Bc4 33. Rb2 Kd7
34. Ke1 Kd6 35. Rd2 Rxd2 36. Kxd2 Bxe2 37. Kxe2 Kd5 38. Ke3 Kc4 39. h3 Kxc3 40.
g4 Kxb4 41. h4 c5 42. a6 c4 43. gxf5 0-1

[Event "4NCL/Div3/FCA2 vs. AMCAR"]
[Site "Hinckley Island ENG"]
[Date "2010.02.21"]
[Round "6.4"]
[White "Marley, Andrew"]
[Black "Adebajo, Olufemi"]
[Result "0-1"]
[WhiteElo "1928"]
[BlackElo "1952"]
[PlyCount "46"]
[EventDate "2010.02.21"]
[SourceDate "2009.10.24"]

1. d4 d5 2. Nf3 Bf5 3. c4 e6 4. e3 Nf6 5. Nc3 Be7 6. cxd5 exd5 7. Qb3 Nc6 8.
Bb5 O-O 9. Bxc6 bxc6 10. O-O c5 11. dxc5 Bxc5 12. Nd4 Bd3 13. Re1 Bc4 14. Qc2
Bd6 15. h3 c5 16. Nf3 Re8 17. b3 Ba6 18. Bb2 Rc8 19. Rad1 d4 20. exd4 Rxe1+ 21.
Rxe1 cxd4 22. Nxd4 Bb4 23. Nf5 Bd3 0-1

[Event "4NCL/Div3/FCA2 vs. AMCAR"]
[Site "Hinckley Island ENG"]
[Date "2010.02.21"]
[Round "6.5"]
[White "Shaw, John S"]
[Black "Malhotra, Tarun"]
[Result "1/2-1/2"]
[WhiteElo "1930"]
[BlackElo "1768"]
[PlyCount "37"]
[EventDate "2010.02.21"]
[SourceDate "2009.10.24"]

1. d4 Nf6 2. Nf3 g6 3. Nc3 d5 4. Bf4 c6 5. Qd2 Bg7 6. Ne5 h6 7. h3 g5 8. Bh2
Bf5 9. e3 e6 10. f3 h5 11. g4 hxg4 12. hxg4 Bg6 13. Nxg6 fxg6 14. Bd3 Rh6 15.
O-O-O Na6 16. Be5 Kf7 17. Rxh6 Bxh6 18. Rh1 Bg7 19. a3 1/2-1/2

[Event "4NCL/Div3/FCA2 vs. AMCAR"]
[Site "Hinckley Island ENG"]
[Date "2010.02.21"]
[Round "6.6"]
[White "Pritchard, Abigail"]
[Black "Grainger, Benjamin P"]
[Result "0-1"]
[WhiteElo "1592"]
[BlackElo "1562"]
[PlyCount "134"]
[EventDate "2010.02.21"]
[SourceDate "2009.10.24"]

1. e4 e6 2. d4 c5 3. c3 cxd4 4. cxd4 Bb4+ 5. Bd2 Qb6 6. Bxb4 Qxb4+ 7. Qd2 Nc6
8. Nf3 Qxd2+ 9. Kxd2 Nf6 10. Bd3 Nb4 11. Nc3 Nxd3 12. Kxd3 Ng4 13. Nd1 b6 14.
h3 Ba6+ 15. Kd2 Nf6 16. Nc3 O-O 17. Rac1 Rac8 18. e5 Ne8 19. Ne4 f6 20. Rxc8
Bxc8 21. Rc1 Bb7 22. Ke3 Kf7 23. Ned2 Ke7 24. Rc3 Kd8 25. Ra3 a6 26. Nc4 b5 27.
Ncd2 Nc7 28. Nb3 Nd5+ 29. Ke2 Nf4+ 30. Kf1 Bxf3 31. gxf3 fxe5 32. dxe5 b4 33.
Rxa6 Nd3 34. Ra8+ Ke7 35. Rxf8 Kxf8 36. Na1 Nxb2 37. Nc2 Nd3 38. f4 Ke8 39. Kg2
Nxf4+ 40. Kf3 Nd5 41. h4 h5 42. Nd4 Nc3 43. Nb3 Nxa2 44. Kf4 Kf7 45. Kg5 g6 46.
Kh6 Nc3 47. f3 Nd5 48. Nc1 Nc7 49. Nb3 Na6 50. Kg5 Nb8 51. Kf4 Nc6 52. Ke4 Ne7
53. Kf4 Nf5 54. Kg5 Ke7 55. Kxg6 Nxh4+ 56. Kxh5 Nxf3 57. Kg4 Nxe5+ 58. Kf4 Nc6
59. Ke4 d5+ 60. Kd3 Kd6 61. Ke3 e5 62. Kd3 e4+ 63. Ke3 Ke5 64. Kd2 d4 65. Ke2
Kd5 66. Kd2 Kc4 67. Nc1 b3 0-1

[Event "4NCL/Div3/CAMB2 vs. HACK"]
[Site "Hinckley Island ENG"]
[Date "2010.02.21"]
[Round "6.1"]
[White "Chan, Nevil"]
[Black "Reid, John"]
[Result "1/2-1/2"]
[WhiteElo "2098"]
[BlackElo "2266"]
[PlyCount "100"]
[EventDate "2010.02.21"]
[SourceDate "2009.10.24"]

1. d4 Nf6 2. Nc3 d5 3. Bg5 c6 4. e3 Bf5 5. Bxf6 exf6 6. Bd3 Bg6 7. h4 Nd7 8. h5
Bxd3 9. Qxd3 Be7 10. e4 Nb6 11. Nge2 O-O 12. Rh3 Re8 13. Kf1 Qd7 14. exd5 Nxd5
15. Nxd5 Qxd5 16. a3 Rad8 17. c4 Qd7 18. Rd1 Bd6 19. Nc3 Qg4 20. Qf3 Qxf3 21.
Rxf3 Rd7 22. Rfd3 Red8 23. Ke2 Kf8 24. d5 Be5 25. dxc6 Rxd3 26. Rxd3 Rxd3 27.
c7 Bxc7 28. Kxd3 Ke8 29. Ke4 Kd7 30. Kd5 g6 31. Ne4 Be5 32. b3 b6 33. c5 bxc5
34. Nxc5+ Ke7 35. b4 gxh5 36. b5 Bc3 37. a4 f5 38. Nb3 Kd7 39. f3 Kc7 40. Kc4
Be1 41. a5 h4 42. Kd5 Bc3 43. Kc5 Be1 44. b6+ Kb7 45. bxa7 Bg3 46. a6+ Kxa7 47.
Kb5 Bf2 48. Na5 Kb8 49. Kc6 Ka7 50. Kb5 Kb8 1/2-1/2

[Event "4NCL/Div3/CAMB2 vs. HACK"]
[Site "Hinckley Island ENG"]
[Date "2010.02.21"]
[Round "6.2"]
[White "Chin, Francis CW"]
[Black "Quist, Sven Roy"]
[Result "1/2-1/2"]
[WhiteElo "2223"]
[BlackElo "2143"]
[PlyCount "64"]
[EventDate "2010.02.21"]
[SourceDate "2009.10.24"]

1. d4 Nf6 2. Nf3 g6 3. g3 Bg7 4. Bg2 O-O 5. O-O d6 6. c4 Nbd7 7. Nc3 e5 8. h3
c6 9. e4 Qb6 10. Rb1 exd4 11. Nxd4 Nxe4 12. Nxe4 Bxd4 13. Nxd6 Ne5 14. Nxc8
Raxc8 15. Qc2 Qc5 16. b3 b5 17. Bf4 Rfd8 18. Rbc1 b4 19. Kh2 a5 20. Rcd1 Bc3
21. Be3 Qe7 22. Bb6 Rxd1 23. Rxd1 a4 24. Bd4 axb3 25. axb3 Bxd4 26. Rxd4 c5 27.
Rd2 Nc6 28. Bxc6 Rxc6 29. Qd3 Ra6 30. Qd8+ Qxd8 31. Rxd8+ Kg7 32. Rd5 Ra3
1/2-1/2

[Event "4NCL/Div3/CAMB2 vs. HACK"]
[Site "Hinckley Island ENG"]
[Date "2010.02.21"]
[Round "6.3"]
[White "Tyomkin, Mykhaylo"]
[Black "Ociepka, Adrian"]
[Result "1-0"]
[WhiteElo "2120"]
[BlackElo "2120"]
[PlyCount "107"]
[EventDate "2010.02.21"]
[SourceDate "2009.10.24"]

1. Nf3 Nf6 2. c4 e6 3. g3 d5 4. d4 Be7 5. Bg2 O-O 6. O-O dxc4 7. Qa4 Bd7 8.
Qxc4 Bc6 9. Nc3 Nbd7 10. Qd3 a6 11. e4 Nc5 12. Qe3 Ncxe4 13. Ne5 Nxc3 14. Nxc6
Ncd5 15. Nxd8 Nxe3 16. fxe3 Rfxd8 17. Bxb7 Ra7 18. Bc6 Rd6 19. Bf3 Rb6 20. e4
c5 21. Be3 Rxb2 22. dxc5 e5 23. Rab1 Rab7 24. Rxb2 Rxb2 25. Rc1 Bd8 26. Rc3 Kf8
27. c6 Bc7 28. a3 Ke8 29. g4 h6 30. h4 Kd8 31. Rd3+ Kc8 32. g5 hxg5 33. hxg5
Ne8 34. Rd7 Bb6 35. Bxb6 Rxb6 36. Bg4 Rxc6 37. Rxf7+ Kd8 38. Rd7+ Kc8 39. Rxg7+
Kd8 40. Rd7+ Kc8 41. Rd5+ Kc7 42. Rxe5 Rc3 43. Kg2 Kd8 44. a4 Nd6 45. Be6 a5
46. g6 Ne8 47. Bf7 Ng7 48. Rxa5 Ke7 49. e5 Ra3 50. Ra7+ Kf8 51. Kf2 Nf5 52. Be6
Ng7 53. Rf7+ Kg8 54. Rf3+ 1-0

[Event "4NCL/Div3/CAMB2 vs. HACK"]
[Site "Hinckley Island ENG"]
[Date "2010.02.21"]
[Round "6.4"]
[White "Shaw, Dashiell L"]
[Black "Campbell, Mark C"]
[Result "1/2-1/2"]
[WhiteElo "1899"]
[BlackElo "1986"]
[PlyCount "73"]
[EventDate "2010.02.21"]
[SourceDate "2009.10.24"]

1. e4 c5 2. Nf3 d6 3. d4 cxd4 4. Nxd4 Nf6 5. Nc3 a6 6. h3 e5 7. Nde2 b5 8. g4
Bb7 9. Bg2 h6 10. O-O Be7 11. Be3 Nbd7 12. Ng3 Nc5 13. f4 Qc7 14. g5 hxg5 15.
fxg5 Nfd7 16. Nd5 Bxd5 17. Qxd5 O-O 18. Rxf7 Rxf7 19. Rf1 Raf8 20. Rxf7 Nb6 21.
Rxf8+ Kxf8 22. Qd1 Nc4 23. Bc1 Ne6 24. Qh5 Qc5+ 25. Kh2 Qf2 26. Nf5 Nd2 27.
Qh8+ Kf7 28. g6+ Kf6 29. Bxd2 Qxd2 30. Qe8 Qf4+ 31. Kg1 Bd8 32. Qf7+ Kg5 33.
h4+ Kg4 34. Qxe6 Bb6+ 35. Ne3+ Kxh4 36. Qh3+ Kg5 37. Qf3 1/2-1/2

[Event "4NCL/Div3/CAMB2 vs. HACK"]
[Site "Hinckley Island ENG"]
[Date "2010.02.21"]
[Round "6.5"]
[White "Lee, Richard WY"]
[Black "Vives, Pepe"]
[Result "1-0"]
[WhiteElo "2058"]
[BlackElo "1938"]
[PlyCount "75"]
[EventDate "2010.02.21"]
[SourceDate "2009.10.24"]

1. e4 e6 2. d4 d5 3. e5 c5 4. c3 Nc6 5. Nf3 Qb6 6. a3 Nh6 7. b4 cxd4 8. cxd4
Nf5 9. Bb2 a5 10. b5 a4 11. Bc3 Nd8 12. Ra2 Be7 13. Bd3 Bd7 14. Rb2 O-O 15. Bc2
Qa7 16. Qd3 g6 17. Bb4 Qb6 18. Nc3 Qc7 19. Bxe7 Nxe7 20. O-O b6 21. Bxa4 Nb7
22. Rc2 Qc4 23. Qxc4 dxc4 24. Ne4 Nd5 25. Rxc4 Rxa4 26. Rxa4 Bxb5 27. Ra7 Bxf1
28. Kxf1 Na5 29. Nd6 h6 30. g3 g5 31. Ke1 g4 32. Nd2 Nc6 33. Ra4 Na5 34. N2c4
Nxc4 35. Rxc4 Ra8 36. a4 Ra7 37. Kd2 Kg7 38. Nb5 1-0

[Event "4NCL/Div3/CAMB2 vs. HACK"]
[Site "Hinckley Island ENG"]
[Date "2010.02.21"]
[Round "6.6"]
[White "Ociepka, Dominika"]
[Black "Kourtseva, Julie"]
[Result "0-1"]
[WhiteElo "1554"]
[BlackElo "1706"]
[PlyCount "90"]
[EventDate "2010.02.21"]
[SourceDate "2009.10.24"]

1. e4 Nf6 2. Nc3 d5 3. e5 d4 4. exf6 dxc3 5. bxc3 exf6 6. d4 Be6 7. Nf3 Be7 8.
Bd3 O-O 9. O-O c5 10. Be3 Nc6 11. Be2 Rc8 12. Qd2 cxd4 13. cxd4 Nb4 14. Bd3
Nxd3 15. cxd3 Bd5 16. Qe2 Bd6 17. Rfc1 Qd7 18. Nd2 Rxc1+ 19. Rxc1 Bxa2 20. Ne4
Bd5 21. f3 Bb8 22. Qf2 a5 23. Nc5 Qd6 24. Qh4 g5 25. Qh6 Qe7 26. Ne4 Bxe4 27.
dxe4 Kh8 28. d5 Rg8 29. Bd4 Be5 30. Bxe5 Qxe5 31. Rb1 Qd4+ 32. Kh1 b5 33. h3 b4
34. Qh5 Kg7 35. Qg4 Rd8 36. Qg3 Rc8 37. Qe1 Qc3 38. Qd1 Qc2 39. Qe1 b3 40. d6
b2 41. d7 Qxb1 42. Qxb1 Rc1+ 43. Kh2 Rxb1 44. d8=Q Ra1 45. Qd2 b1=Q 0-1

[Event "4NCL/Div3/OXF2 vs. AMCAH"]
[Site "Hinckley Island ENG"]
[Date "2010.02.21"]
[Round "6.1"]
[White "Duggan, Christopher"]
[Black "Upham, John E"]
[Result "1-0"]
[WhiteElo "2031"]
[BlackElo "1658"]
[PlyCount "71"]
[EventDate "2010.02.21"]
[SourceDate "2009.10.24"]

1. e4 c6 2. d4 d5 3. e5 c5 4. dxc5 e6 5. Be3 Nh6 6. Nf3 Nc6 7. Bd3 Qc7 8. O-O
Bd7 9. Re1 Ng4 10. Bd4 Nxd4 11. Nxd4 Nxe5 12. Nb5 Qb8 13. N1c3 Bxc5 14. Nxd5
Bd6 15. Qe2 Ng6 16. Nxd6+ Qxd6 17. Rad1 O-O-O 18. Nc3 Qc5 19. Ne4 Qb6 20. Ng5
Nf4 21. Qf3 Nxd3 22. Rxd3 Rdf8 23. Rb3 Bc6 24. Qe2 Qa5 25. Ne4 Rd8 26. Rc3 Kb8
27. a3 Bxe4 28. Qxe4 Qd5 29. Qg4 h5 30. Qh4 Qd2 31. Qe4 Qd5 32. Qf4+ e5 33. Qf3
g6 34. Qf6 Qd2 35. Qxe5+ Ka8 36. Rce3 1-0

[Event "4NCL/Div3/OXF2 vs. AMCAH"]
[Site "Hinckley Island ENG"]
[Date "2010.02.21"]
[Round "6.2"]
[White "Dixit, Kumar"]
[Black "Scott, David A"]
[Result "0-1"]
[WhiteElo "1450"]
[BlackElo "2058"]
[PlyCount "58"]
[EventDate "2010.02.21"]
[SourceDate "2009.10.24"]

1. Nf3 Nf6 2. d4 e6 3. c4 b6 4. Bg5 Bb7 5. Nc3 h6 6. Bf4 Bb4 7. a3 Bxc3+ 8.
bxc3 O-O 9. e3 Nh5 10. Bg3 d6 11. Bd3 Nxg3 12. hxg3 f5 13. Qc2 Nd7 14. Nh4 Nf6
15. d5 exd5 16. Bxf5 Re8 17. Qe2 dxc4 18. g4 Ne4 19. Qxc4+ d5 20. Qd3 Qf6 21.
Rc1 Qd6 22. c4 d4 23. Bg6 dxe3 24. Qxd6 exf2+ 25. Kf1 cxd6 26. Nf5 Re6 27. Bh5
g6 28. Nxh6+ Kf8 29. Rh3 gxh5 0-1

[Event "4NCL/Div3/OXF2 vs. AMCAH"]
[Site "Hinckley Island ENG"]
[Date "2010.02.21"]
[Round "6.3"]
[White "Vikanis, Georgs"]
[Black "Coates, Christine"]
[Result "1-0"]
[WhiteElo "1930"]
[BlackElo "1458"]
[PlyCount "83"]
[EventDate "2010.02.21"]
[SourceDate "2009.10.24"]

1. Nf3 d5 2. c4 c6 3. e3 Nf6 4. Nc3 Bf5 5. Qb3 Qb6 6. Qxb6 axb6 7. cxd5 Nxd5 8.
Nxd5 cxd5 9. d4 Bd7 10. Bd3 e6 11. O-O Be7 12. e4 dxe4 13. Bxe4 Bc6 14. Bxc6+
bxc6 15. Be3 Nd7 16. Rfc1 c5 17. dxc5 bxc5 18. Rd1 Bf6 19. Rd2 Rd8 20. Rad1 Be7
21. b3 O-O 22. Rxd7 Rxd7 23. Rxd7 Re8 24. a4 Kf8 25. g3 Rc8 26. a5 Rc6 27. Ne5
Ra6 28. Nc4 Ke8 29. Rb7 f6 30. Rb6 Ra8 31. Rxe6 Kf7 32. Rc6 Rd8 33. Bxc5 Rd1+
34. Kg2 Bd8 35. Nd6+ Kg6 36. a6 Ra1 37. a7 Be7 38. Nb5 Bxc5 39. Rxc5 h5 40. b4
f5 41. Na3 Rxa3 42. Ra5 1-0

[Event "4NCL/Div3/GLOSG vs. BRI3"]
[Site "Hinckley Island ENG"]
[Date "2010.02.21"]
[Round "6.1"]
[White "Hosken, Nigel K"]
[Black "Bromilow, Edward T"]
[Result "1-0"]
[WhiteElo "2109"]
[BlackElo "1922"]
[PlyCount "101"]
[EventDate "2010.02.21"]
[SourceDate "2009.10.24"]

1. d4 Nf6 2. c4 e6 3. Nc3 Bb4 4. Bg5 h6 5. Bh4 g5 6. Bg3 Ne4 7. Qc2 f5 8. e3
Nxg3 9. hxg3 Qf6 10. Bd3 Bxc3+ 11. Qxc3 c5 12. Ne2 Nc6 13. dxc5 Qxc3+ 14. Nxc3
Nb4 15. Ke2 Na6 16. Na4 Ke7 17. a3 Nc7 18. e4 Kf6 19. exf5 exf5 20. Rh5 Ne6 21.
Rah1 Kg7 22. Kd2 f4 23. gxf4 Nxf4 24. R5h2 Rb8 25. Re1 Ne6 26. Be4 b5 27. cxb6
axb6 28. Nc3 Ba6 29. Bd5 Rhe8 30. Bxe6 dxe6 31. b3 Rbd8+ 32. Ke3 Bb7 33. f3 Rd7
34. Rhh1 Red8 35. Rd1 Rxd1 36. Rxd1 Rxd1 37. Nxd1 g4 38. fxg4 Bxg2 39. Nc3 Kf6
40. Na4 Kg5 41. Kf2 Bh3 42. Nxb6 Bxg4 43. c5 e5 44. c6 h5 45. c7 Kf4 46. c8=Q
Bxc8 47. Nxc8 e4 48. Ne7 Kg4 49. Nd5 h4 50. Ne3+ Kf4 51. Ng2+ 1-0

[Event "4NCL/Div3/GLOSG vs. BRI3"]
[Site "Hinckley Island ENG"]
[Date "2010.02.21"]
[Round "6.2"]
[White "White, Martin"]
[Black "Lambourne, Daniel M"]
[Result "0-1"]
[WhiteElo "1914"]
[BlackElo "2001"]
[PlyCount "54"]
[EventDate "2010.02.21"]
[SourceDate "2009.10.24"]

1. e4 e6 2. d4 d5 3. e5 c5 4. c3 Nc6 5. Nf3 Qb6 6. a3 a5 7. Bd3 cxd4 8. cxd4
Bd7 9. Bc2 g6 10. Nc3 Nh6 11. O-O Nf5 12. Bxf5 gxf5 13. Bg5 Be7 14. Bxe7 Kxe7
15. Qd2 Rag8 16. b4 Rg4 17. bxa5 Nxd4 18. Qe3 Nxf3+ 19. Qxf3 Qxa5 20. Rfd1 Bc6
21. Qd3 Qc5 22. Ne2 Rhg8 23. g3 Bb5 24. Qd2 Rc4 25. Nd4 Ba4 26. Rdb1 Qxd4 27.
Rxb7+ Bd7 0-1

[Event "4NCL/Div3/GLOSG vs. BRI3"]
[Site "Hinckley Island ENG"]
[Date "2010.02.21"]
[Round "6.3"]
[White "Martin, Peter"]
[Black "Dunlop, Neil J"]
[Result "1-0"]
[WhiteElo "2066"]
[BlackElo "1802"]
[PlyCount "191"]
[EventDate "2010.02.21"]
[SourceDate "2009.10.24"]

1. d4 Nf6 2. Nf3 g6 3. Bg5 Bg7 4. Nbd2 d6 5. e3 h6 6. Bh4 g5 7. Bg3 Nh5 8. Bd3
Nd7 9. c3 Nxg3 10. hxg3 e5 11. Qb3 Nb6 12. O-O-O Be6 13. Qc2 Qe7 14. Nh2 O-O-O
15. f4 Nd5 16. Qa4 Kb8 17. Rhe1 Qd7 18. Qxd7 Bxd7 19. Bc4 Nb6 20. Bb3 f5 21.
dxe5 dxe5 22. Nhf3 e4 23. Nd4 Bxd4 24. cxd4 Bb5 25. Rh1 Be2 26. Rde1 Bg4 27.
Rh2 gxf4 28. gxf4 Nd5 29. a3 c6 30. Nc4 Rh7 31. Ne5 Rd6 32. Bc2 Nf6 33. b4 Kc7
34. Bb3 Nd5 35. Bxd5 cxd5 36. Kb2 b6 37. b5 Kb7 38. Rc1 a6 39. bxa6+ Kxa6 40.
Kb3 Kb7 41. Kb4 Be2 42. g3 Ba6 43. Rh5 Rf6 44. g4 fxg4 45. Nxg4 Rg6 46. Ne5 Rg3
47. Rc3 Rg1 48. Kb3 Bb5 49. Rh4 h5 50. a4 Be8 51. a5 bxa5 52. Rc5 a4+ 53. Kb2
Rc7 54. Rxd5 Rg2+ 55. Kb1 a3 56. Rc5 a2+ 57. Ka1 Rxc5 58. dxc5 Rg3 59. f5 Rg5
60. Rf4 h4 61. Rxh4 Rxf5 62. Rh7+ Kc8 63. Nc4 Rf1+ 64. Kxa2 Kd8 65. Kb2 Rf3 66.
Rh8 Ke7 67. Nd6 Bc6 68. Kc2 Rf2+ 69. Kc3 Re2 70. Rh3 Ke6 71. Rh6+ Kd7 72. Nc4
Bb5 73. Ne5+ Kc8 74. Kd4 Bd3 75. Nxd3 exd3 76. Kxd3 Re1 77. Rh7 Rd1+ 78. Kc4
Re1 79. Kd4 Rd1+ 80. Ke5 Rd3 81. e4 Kd8 82. Ke6 Rd4 83. e5 Rd1 84. c6 Rc1 85.
c7+ Kc8 86. Kf6 Rf1+ 87. Ke7 Kxc7 88. Rh2 Re1 89. Rc2+ Kb7 90. e6 Re3 91. Kd7
Rd3+ 92. Ke8 Re3 93. e7 Re1 94. Rf2 Kc7 95. Kf7 Kd7 96. Rd2+ 1-0

[Event "4NCL/Div3/GLOSG vs. BRI3"]
[Site "Hinckley Island ENG"]
[Date "2010.02.21"]
[Round "6.4"]
[White "Woodruff, David G"]
[Black "Taylor, Geoffrey P"]
[Result "0-1"]
[WhiteElo "1666"]
[BlackElo "1962"]
[PlyCount "104"]
[EventDate "2010.02.21"]
[SourceDate "2009.10.24"]

1. c4 e5 2. Nc3 Nf6 3. g3 d5 4. cxd5 Nxd5 5. Bg2 Nb6 6. e3 Nc6 7. Nge2 Bc5 8.
O-O O-O 9. a3 a5 10. b3 Bf5 11. Ne4 Be7 12. Bb2 Qd3 13. N2c3 Rad8 14. Bc1 Be6
15. f3 f5 16. Nf2 Qd7 17. Nb5 Bf6 18. Rb1 Ne7 19. a4 Nbd5 20. Qc2 c6 21. Nc3
Nb4 22. Qd1 Qc7 23. e4 g6 24. Rb2 Qb6 25. Kh1 Rd7 26. Qe2 Rfd8 27. Rd1 Nd3 28.
Nxd3 Rxd3 29. Rf1 c5 30. Qf2 Nc6 31. Re1 Nb4 32. Bf1 R3d4 33. Nb5 Nd3 34. Bxd3
Rxd3 35. Re3 Qc6 36. Qe2 R3d7 37. Na7 Qb6 38. Nb5 h6 39. Rc3 Qc6 40. Na7 Qc7
41. Nb5 Qc8 42. Na3 b6 43. Nc4 Qb7 44. d3 g5 45. Ne3 fxe4 46. fxe4 Rxd3 47.
Rxd3 Qxe4+ 48. Qg2 Qxg2+ 49. Kxg2 Rxd3 50. Nc4 Bd5+ 51. Kh3 h5 52. Ne3 Rxe3 0-1

[Event "4NCL/Div3/GLOSG vs. BRI3"]
[Site "Hinckley Island ENG"]
[Date "2010.02.21"]
[Round "6.5"]
[White "Meade, Philip J"]
[Black "Woolgar, Steven G"]
[Result "0-1"]
[WhiteElo "1960"]
[BlackElo "1698"]
[PlyCount "84"]
[EventDate "2010.02.21"]
[SourceDate "2009.10.24"]

1. e4 c5 2. Nf3 Nc6 3. Bb5 g6 4. O-O Bg7 5. c3 a6 6. Ba4 d6 7. h3 Bd7 8. d4
cxd4 9. cxd4 b5 10. Bb3 e6 11. Be3 Nge7 12. Qd2 O-O 13. Bh6 Rc8 14. Bxg7 Kxg7
15. Nc3 Na5 16. Rfc1 Qb6 17. Nd1 Rfd8 18. Ne3 Rxc1+ 19. Rxc1 Nxb3 20. axb3 Qb7
21. Ng4 Ng8 22. Qa5 Rc8 23. Rxc8 Bxc8 24. Qd8 h5 25. Ne3 d5 26. exd5 exd5 27.
Qxd5 Qxd5 28. Nxd5 Nf6 29. Nc7 Bb7 30. Kf1 Kf8 31. Ne5 Ke7 32. g3 Nd7 33. Nd3
Kd8 34. Nxa6 Bxa6 35. Nb4 Bb7 36. Ke2 Nf6 37. Ke3 Nd5+ 38. Nxd5 Bxd5 39. b4 Ke7
40. Kf4 Kf6 41. h4 Ke6 42. Kg5 Be4 0-1